[Event "AUTO-ADV-3145"]
[Site "http://www.queenalice.com/game.php?id=1281558"]
[Date "2014.5.13"]
[Round "1"]
[White "marcolll9"]
[Black "cex5"]
[Result "1-0"]
[WhiteElo "1953"]
[BlackElo "1753"]

1. d4 d5 2. Nf3 c6 3. Bf4 e6 4. e3 Bd6 5. Bxd6 Qxd6 6. Nbd2 Ne7 7. c4 dxc4 8.
Bxc4 b5 9. Bd3 a6 10. Rc1 Nd7 11. O-O e5 12. Ne4 Qe6 13. Nc5 Nxc5 14. Rxc5 Qxa2
15. Nxe5 Bb7 16. Qg4 O-O 17. Qd7 Qxb2 18. Qxe7 Bc8 19. Bxh7+ Kxh7 20. Qxf8 b4
21. Nxf7 a5 22. Rg5 Ba6 23. Qxg7# 1-0

[Event "AUTO-ADV-3145"]
[Site "http://www.queenalice.com/game.php?id=1281559"]
[Date "2014.5.13"]
[Round "1"]
[White "cex5"]
[Black "marcolll9"]
[Result "0-1"]
[WhiteElo "1703"]
[BlackElo "1990"]

1. e4 e6 2. c3 d5 3. e5 c5 4. Nf3 Nc6 5. d4 Qb6 6. Be3 Qxb2 7. Nbd2 Qxc3 8. Be2
c4 9. O-O Qa5 10. Qc2 Bb4 11. Nb3 cxb3 12. axb3 Qb6 13. Bd3 Nge7 14. Bxh7 g6 15.
Ng5 Nf5 16. Qe2 Ncxd4 17. Bxd4 Nxd4 18. Qg4 Be7 19. Nxf7 Rxh7 20. Nd6+ Bxd6 21.
Qxg6+ Rf7 22. exd6 Qxd6 23. Qh6 Qf4 24. Qh5 Nxb3 25. Rae1 Nd2 26. Qxd5 Nxf1 27.
Qb5+ Ke7 28. Qxf1 Bd7 29. f3 Raf8 30. Re4 Qf5 31. Qe1 Qc5+ 32. Kh1 Rc8 33. Qh4+
Ke8 34. h3 Qc3 35. f4 Qg7 36. f5 Rxf5 37. Re1 Rc2 38. Rg1 Bc6 39. Qg4 Qxg4 40.
hxg4 Rff2 41. Kh2 Bxg2 42. Kg3 Rf3+ 43. Kh4 Rh3+ 44. Kg5 Rc5+ 45. Kf4 e5+ 46.
Kf5 e4+ 47. Kf4 Bf3 48. Re1 Bh1 49. g5 Rf3+ 50. Kg4 e3 51. Rxh1 Rcf5 52. g6 Kf8
53. Rh7 e2 54. g7+ Kg8 55. Rh1 Rf1 56. Rh2 e1=Q 57. Rh8+ Kxg7 58. Rh3 Qe2+ 59.
Kh4 R1f4+ 60. Kg3 Qf2# 0-1

[Event "AUTO-ADV-3140"]
[Site "http://www.queenalice.com/game.php?id=1304515"]
[Date "2014.8.28"]
[Round "2"]
[White "Paulsains"]
[Black "marcolll9"]
[Result "0-1"]
[WhiteElo "1803"]
[BlackElo "2066"]

1. e4 e6 2. Nf3 d5 3. exd5 exd5 4. Be2 Nf6 5. O-O Be7 6. d3 O-O 7. Bd2 Re8 8.
Re1 Be6 9. Nc3 c6 10. d4 Nbd7 11. h3 Qb6 12. Na4 Qc7 13. b3 Ne4 14. Bd3 Bf5 15.
g4 Bg6 16. Be3 Bb4 17. Bd2 Nxd2 18. Nxd2 Rxe1+ 19. Qxe1 Bxd3 20. cxd3 Qf4 21.
Rd1 Qxd4 22. Qe2 Ne5 23. Nf3 Nxf3+ 24. Qxf3 b5 25. Rc1 bxa4 26. bxa4 Bc5 27. a5
Re8 28. Kg2 Re6 29. Qg3 h6 0-1

[Event "AUTO-ADV-3140"]
[Site "http://www.queenalice.com/game.php?id=1304516"]
[Date "2014.8.28"]
[Round "2"]
[White "marcolll9"]
[Black "Paulsains"]
[Result "1-0"]
[WhiteElo "2055"]
[BlackElo "1823"]

1. d4 Nf6 2. Nf3 g6 3. Bg5 Bg7 4. e3 O-O 5. c4 d6 6. Nbd2 b6 7. Be2 Bb7 8. O-O
Nbd7 9. Rc1 h6 10. Bh4 Rb8 11. Qc2 e5 12. d5 Qe8 13. Bd3 Nc5 14. Bxf6 Bxf6 15.
Ne4 Nxe4 16. Bxe4 Kg7 17. b3 a5 18. Rfd1 Rd8 19. h3 Bc8 20. Nh2 h5 21. Nf1 Rh8
22. Nd2 Rh6 23. f4 exf4 24. exf4 Bd4+ 25. Kh2 Be3 26. Qc3+ 1-0

[Event "AUTO-ADV-3140"]
[Site "http://www.queenalice.com/game.php?id=1304519"]
[Date "2014.8.28"]
[Round "2"]
[White "rockaudrey"]
[Black "marcolll9"]
[Result "0-1"]
[WhiteElo "1889"]
[BlackElo "2087"]

1. e4 e6 2. d4 d5 3. Nc3 dxe4 4. Nxe4 Nf6 5. Bg5 Be7 6. Nxf6+ Bxf6 7. Bxf6 Qxf6
8. c3 b6 9. Nf3 O-O 10. Be2 Bb7 11. O-O Nd7 12. Re1 c5 13. dxc5 Nxc5 14. Rc1
Rfd8 15. Qc2 Be4 16. Bd3 Bxd3 17. Qd2 Be4 18. Qe3 Bxf3 19. Qxf3 Qxf3 0-1

[Event "AUTO-ADV-3140"]
[Site "http://www.queenalice.com/game.php?id=1304520"]
[Date "2014.8.28"]
[Round "2"]
[White "marcolll9"]
[Black "rockaudrey"]
[Result "1-0"]
[WhiteElo "2078"]
[BlackElo "1898"]

1. d4 d5 2. Nf3 Nf6 3. Bg5 e6 4. e3 a6 5. Nbd2 c5 6. c3 Nc6 7. Ne5 Be7 8. Nxc6
bxc6 9. Be2 O-O 10. O-O cxd4 11. cxd4 Qb6 12. Qb3 Qc7 13. Rfc1 Bd7 14. a3 Rfb8
15. Qd1 Rxb2 16. Nb3 Rb8 17. Nc5 Bxc5 18. dxc5 1-0

[Event "AUTO-ADV-3140"]
[Site "http://www.queenalice.com/game.php?id=1304521"]
[Date "2014.8.28"]
[Round "2"]
[White "clovis"]
[Black "marcolll9"]
[Result "0-1"]
[WhiteElo "2012"]
[BlackElo "2040"]

1. e4 e6 2. d4 d5 3. exd5 exd5 4. c4 Nf6 5. Nc3 c6 6. Nf3 Be6 7. cxd5 Nxd5 8.
Bd3 h6 9. O-O Bd6 10. Nxd5 Bxd5 11. Re1+ Be7 12. Ne5 O-O 13. Qh5 Qd6 14. Re3 Rd8
15. Rg3 Kf8 16. Be4 Nd7 17. Bxd5 Nxe5 18. dxe5 Qxd5 19. h3 Qd1+ 20. Kh2 Qxh5 0-1

[Event "AUTO-ADV-3140"]
[Site "http://www.queenalice.com/game.php?id=1304522"]
[Date "2014.8.28"]
[Round "2"]
[White "marcolll9"]
[Black "clovis"]
[Result "1-0"]
[WhiteElo "2024"]
[BlackElo "2028"]

1. d4 d5 2. Nf3 Nf6 3. Bg5 Bf5 4. e3 e6 5. Bd3 Bxd3 6. Qxd3 c6 7. Nbd2 Be7 8.
O-O O-O 9. c4 Nfd7 10. Bxe7 Qxe7 11. e4 dxe4 12. Nxe4 e5 13. dxe5 Nxe5 14. Nxe5
Qxe5 15. b3 Na6 16. Rad1 Nb4 17. Qd2 Nxa2 18. Rfe1 a5 19. Qxa2 Rfe8 20. Qb1 a4
21. Nd6 1-0

[Event "AUTO-ADV-3145"]
[Site "http://www.queenalice.com/game.php?id=1315563"]
[Date "2014.10.15"]
[Round "2"]
[White "marcolll9"]
[Black "clovis"]
[Result "1-0"]
[WhiteElo "2087"]
[BlackElo "1981"]

1. d4 d5 2. Nf3 Nf6 3. Bg5 Bf5 4. e3 e6 5. Nbd2 Be7 6. c4 c6 7. Rc1 O-O 8. cxd5
exd5 9. Be2 Ne4 10. Bxe7 Qxe7 11. O-O Nd7 12. h3 Rae8 13. Nxe4 Bxe4 14. Bd3 f5
15. Re1 Nf6 16. a3 f4 17. exf4 Nh5 18. g3 Nf6 19. Ne5 Qd8 20. Qb3 Bxd3 21. Qxd3
Nd7 22. b4 Nxe5 23. dxe5 g6 24. Rc2 g5 25. f5 Qd7 26. g4 b6 27. e6 Qd6 28. Qc3
c5 29. bxc5 bxc5 30. Qxc5 1-0

[Event "AUTO-ADV-3145"]
[Site "http://www.queenalice.com/game.php?id=1315564"]
[Date "2014.10.15"]
[Round "2"]
[White "clovis"]
[Black "marcolll9"]
[Result "1-0"]
[WhiteElo "1969"]
[BlackElo "2099"]

1. e4 e6 2. d4 d5 3. exd5 exd5 4. c4 Be6 5. Nc3 Bb4 6. Nf3 Nf6 7. Qb3 Qe7 8. c5
Bxc3+ 9. bxc3 c6 10. Be2 O-O 11. O-O Qc7 12. Rb1 Bc8 13. Ne5 Nbd7 14. Bf4 Nxe5
15. Bxe5 Qd8 16. Bd3 Nd7 17. Bd6 Re8 18. Qc2 g6 19. Rfe1 Nf6 20. Qd2 Rxe1+ 21.
Rxe1 Ne8 22. Qh6 Nxd6 23. cxd6 Be6 24. Re5 Qxd6 25. Rh5 Re8 26. Qxh7+ Kf8 27.
Bxg6 fxg6 28. Qxg6 Ke7 29. Rh7+ Kd8 30. Rxb7 Bf7 31. Qxd6+ 1-0

[Event "AUTO-ADV-3145"]
[Site "http://www.queenalice.com/game.php?id=1315565"]
[Date "2014.10.15"]
[Round "2"]
[White "marcolll9"]
[Black "Eggchaser"]
[Result "1-0"]
[WhiteElo "2071"]
[BlackElo "1880"]

1. d4 d5 2. Nf3 Nf6 3. Bg5 e6 4. e3 Nbd7 5. Nbd2 h6 6. Bh4 Be7 7. c4 O-O 8. Rc1
c6 9. Bd3 dxc4 10. Nxc4 b5 11. Nce5 Qa5+ 12. Nd2 Nxe5 13. dxe5 Nd5 14. Bxe7 Nxe7
15. Qb3 Bb7 16. Ke2 a6 17. a3 Rac8 18. Qc3 Qb6 19. Qc5 Qc7 20. Be4 Nd5 21. Nf3
Qb6 22. Nd4 Qxc5 23. Rxc5 1-0

[Event "AUTO-ADV-3145"]
[Site "http://www.queenalice.com/game.php?id=1315566"]
[Date "2014.10.15"]
[Round "2"]
[White "Eggchaser"]
[Black "marcolll9"]
[Result "0-1"]
[WhiteElo "1882"]
[BlackElo "2079"]

1. d4 e6 2. Nf3 d5 3. c4 Nf6 4. g3 c5 5. cxd5 Nxd5 6. Bg2 Nc6 7. O-O b6 8. dxc5
Bxc5 9. a3 O-O 10. Bg5 Be7 11. Bxe7 Ndxe7 12. Nc3 Bb7 13. Rc1 Qxd1 14. Rfxd1
Rfd8 15. Nb5 Ba6 16. a4 Rxd1+ 17. Rxd1 Rd8 18. Rxd8+ Nxd8 19. e3 Bxb5 20. axb5
Kf8 21. Nd4 Ke8 22. Nc6 Ndxc6 23. bxc6 Kd8 24. Kf1 Kc7 0-1

[Event "AUTO-OPEN-3463"]
[Site "http://www.queenalice.com/game.php?id=1351929"]
[Date "2015.4.5"]
[Round "1"]
[White "marcolll9"]
[Black "Shizumaru_Hisame"]
[Result "1-0"]
[WhiteElo "2104"]
[BlackElo "1870"]

1. d4 Nf6 2. Nf3 d5 3. Bf4 Bf5 4. e3 e6 5. Bd3 Bxd3 6. Qxd3 Nh5 7. Be5 f6 8. Bg3
Nxg3 9. hxg3 Nc6 10. a3 Qd7 11. Nbd2 O-O-O 12. Rxh7 Bd6 13. O-O-O Rhg8 14. Rdh1
Rde8 15. Nh4 e5 16. Nb3 exd4 17. Nxd4 Ne5 18. Qf5 Qxf5 19. Nhxf5 Bf8 20. Rh8
Rxh8 21. Rxh8 Kd7 22. Rh7 Kd8 23. Nxg7 Re7 24. Nde6+ Kd7 25. Nxf8+ Kc6 26. Nge6
Ng6 27. Rxe7 Nxe7 28. Nd4+ Kb6 29. Nd7+ 1-0

[Event "AUTO-OPEN-3463"]
[Site "http://www.queenalice.com/game.php?id=1351930"]
[Date "2015.4.5"]
[Round "1"]
[White "Shizumaru_Hisame"]
[Black "marcolll9"]
[Result "0-1"]
[WhiteElo "1863"]
[BlackElo "2109"]

1. e4 e6 2. d4 d5 3. e5 c5 4. c3 Nc6 5. Bb5 Bd7 6. Na3 cxd4 7. cxd4 Bxa3 8. bxa3
Qa5+ 9. Qd2 Nge7 10. Qxa5 Nxa5 11. Bxd7+ Kxd7 12. Nf3 h6 13. O-O Rhc8 14. Nd2
Nc4 15. Rb1 b6 16. Nxc4 Rxc4 17. Rb4 Rac8 18. Bb2 Nf5 19. g4 Nh4 20. f3 Rxb4 21.
axb4 Rc2 22. Rf2 Rc4 23. a3 Kc6 24. f4 Kb5 25. f5 Ka4 26. f6 g5 27. Rf1 Kb3 28.
Bc1 Rxd4 0-1

[Event "AUTO-OPEN-3463"]
[Site "http://www.queenalice.com/game.php?id=1351931"]
[Date "2015.4.5"]
[Round "1"]
[White "marcolll9"]
[Black "rocha"]
[Result "1-0"]
[WhiteElo "2123"]
[BlackElo "1659"]

1. d4 d5 2. Nf3 f6 3. Bf4 Bd7 4. e3 e6 5. c4 Bb4+ 6. Nbd2 dxc4 7. Bxc4 Ne7 8.
O-O Nbc6 9. Rc1 Ng6 10. Bg3 Qe7 11. Bxc7 Bc8 12. Bg3 e5 13. dxe5 f5 14. a3 Bc5
15. Qb3 Ngxe5 16. Nxe5 Nxe5 17. Bxe5 Rf8 18. Bb5+ Kd8 19. Nf3 Bd7 20. Rfd1 Bd6
21. Rxd6 Rf7 22. Rxd7+ Qxd7 23. Bxd7 Rxd7 24. Qg8+ 1-0

[Event "AUTO-OPEN-3463"]
[Site "http://www.queenalice.com/game.php?id=1351932"]
[Date "2015.4.5"]
[Round "1"]
[White "rocha"]
[Black "marcolll9"]
[Result "0-1"]
[WhiteElo "1642"]
[BlackElo "2124"]

1. d4 e6 2. g3 d5 3. Bg2 c5 4. Nf3 Nc6 5. c3 Qb6 6. O-O Bd7 7. e3 Rc8 8. b3 cxd4
9. Nxd4 Nf6 10. Qd3 Be7 11. f3 O-O 12. e4 e5 13. Be3 exd4 14. Bxd4 Nxd4 15. Nd2
Nxb3+ 16. Kh1 Bb5 17. Qc2 Nxd2 18. Rfb1 Nxb1 19. Rxb1 Qa6 20. Rb3 Ba4 21. Ra3
Bxc2 22. Rxa6 bxa6 23. e5 Nd7 24. f4 Rxc3 25. h4 Rxg3 26. Kh2 Bxh4 27. Bxd5 Rd8
0-1

[Event "AUTO-OPEN-3463"]
[Site "http://www.queenalice.com/game.php?id=1351933"]
[Date "2015.4.5"]
[Round "1"]
[White "marcolll9"]
[Black "mathematician1961"]
[Result "0-1"]
[WhiteElo "2114"]
[BlackElo "2600"]

1. d4 Nf6 2. Nf3 e6 3. Bf4 c5 4. e3 Nc6 5. h3 Qb6 6. b3 cxd4 7. exd4 Nd5 8. Bd2
Nxd4 9. Nxd4 Qxd4 10. c3 Qe4+ 11. Qe2 Qc2 12. c4 Qb2 13. Bc3 Qc1+ 14. Qd1 Qxd1+
15. Kxd1 Nxc3+ 16. Nxc3 b6 17. Bd3 Bb4 18. Kc2 Bb7 19. f3 Rc8 20. a3 Be7 21.
Rad1 d5 22. Kb2 Bf6 23. Rc1 Ke7 24. Rhd1 Rhd8 25. Be2 d4 26. Ne4 Bxe4 27. fxe4
d3+ 0-1

[Event "AUTO-OPEN-3463"]
[Site "http://www.queenalice.com/game.php?id=1351934"]
[Date "2015.4.5"]
[Round "1"]
[White "mathematician1961"]
[Black "marcolll9"]
[Result "1-0"]
[WhiteElo "2601"]
[BlackElo "2113"]

1. e4 e6 2. Nf3 d5 3. exd5 exd5 4. d4 Nf6 5. Bd3 Bd6 6. O-O O-O 7. Re1 Re8 8.
Rxe8+ Qxe8 9. Nc3 c6 10. Bg5 Be7 11. Ne2 Bg4 12. Ng3 Nbd7 13. h3 Bxf3 14. Qxf3
Qd8 15. Nf5 h6 16. Bxh6 g6 17. Nxe7+ Qxe7 18. c3 Re8 19. Qf4 Nh7 20. Qc7 Ndf6
21. Qxe7 Rxe7 22. f3 Kh8 23. Kf2 Ng8 24. Bf4 Kg7 25. h4 Nhf6 26. g4 Re6 27. Rh1
Kf8 28. h5 gxh5 29. gxh5 1-0

[Event "AUTO-MASTER-2277"]
[Site "http://www.queenalice.com/game.php?id=1352041"]
[Date "2015.4.6"]
[Round "1"]
[White "marcolll9"]
[Black "umuaramaakira"]
[Result "1/2-1/2"]
[WhiteElo "2120"]
[BlackElo "2225"]

1. d4 d5 2. Nf3 Nf6 3. Bf4 Bf5 4. e3 e6 5. Bd3 Bg4 6. Nbd2 Bd6 7. Bxd6 Qxd6 8.
a3 O-O 9. O-O Nbd7 10. c4 c5 11. Qb3 b6 12. Rac1 Rfc8 13. h3 Bh5 14. Rfe1 a6 15.
Be2 b5 16. cxd5 c4 17. Qd1 exd5 18. Nh4 Bxe2 19. Rxe2 c3 20. bxc3 Qxa3 21. Nb1
1/2-1/2

[Event "AUTO-MASTER-2277"]
[Site "http://www.queenalice.com/game.php?id=1352042"]
[Date "2015.4.6"]
[Round "1"]
[White "umuaramaakira"]
[Black "marcolll9"]
[Result "0-1"]
[WhiteElo "2122"]
[BlackElo "2125"]

1. d4 e6 2. c4 d5 3. Nc3 Bb4 4. Nf3 dxc4 5. Qa4+ Nc6 6. e4 Ne7 7. Bxc4 Bd7 8.
Bb5 O-O 9. O-O Bxc3 10. bxc3 a6 11. Bd3 Ne5 12. Qc2 Nxf3+ 13. gxf3 Ng6 14. Kh1
Qh4 15. Rg1 e5 16. Bg5 Qh3 17. Rg3 Qe6 18. Rag1 f6 19. Be3 Rf7 20. Qb2 b6 21.
Bc2 Qd6 22. Rd1 exd4 23. cxd4 Kf8 24. Qc3 Rc8 25. Bc1 Qc6 26. Qxc6 Bxc6 27. f4
f5 28. d5 Bb7 29. f3 fxe4 30. fxe4 Nxf4 31. Rf3 Ng6 32. Rdf1 Rxf3 33. Rxf3+ Ke8
34. Rh3 Nf8 35. Bb2 Kf7 36. Rf3+ Kg8 37. Rg3 g6 38. h4 Rd8 39. h5 c6 40. hxg6
Nxg6 41. d6 Rxd6 42. Rf3 Bc8 43. Bb3+ Be6 44. Rf6 Bxb3 45. Rxd6 Bxa2 46. Rxc6
Bb1 47. e5 Be4+ 0-1

[Event "AUTO-MASTER-2277"]
[Site "http://www.queenalice.com/game.php?id=1352043"]
[Date "2015.4.6"]
[Round "1"]
[White "marcolll9"]
[Black "Constante"]
[Result "0-1"]
[WhiteElo "2129"]
[BlackElo "2289"]

1. d4 f5 2. Nf3 Nf6 3. Bf4 g6 4. e3 Bg7 5. Nbd2 O-O 6. c4 d6 7. h3 Qe8 8. Bd3
Nc6 9. Bh2 e5 10. dxe5 dxe5 11. Bc2 e4 12. Nd4 Nxd4 13. exd4 e3 14. Nf3 exf2+
15. Kxf2 Ne4+ 16. Kf1 Be6 17. Qe2 c6 18. Rd1 Rd8 19. Kg1 Nd6 20. b3 f4 21. Kf2
Nf5 22. Bxf5 Rxf5 23. Rhe1 Bf7 24. Qxe8+ Bxe8 25. Re7 Bd7 26. Rde1 Bf6 27. R7e4
g5 28. Ne5 Be8 29. Nf3 Kf8 30. g3 Bg6 31. gxf4 Ra5 32. R4e2 Bxd4+ 33. Nxd4 Rxd4
34. fxg5 Rf5+ 35. Kg2 Rxg5+ 36. Bg3 Rd7 37. Kh2 Rf5 38. Kg2 Rg5 39. Re5 Rd2+ 40.
R1e2 Rxe2+ 41. Rxe2 Bh5 0-1

[Event "AUTO-MASTER-2277"]
[Site "http://www.queenalice.com/game.php?id=1352044"]
[Date "2015.4.6"]
[Round "1"]
[White "Constante"]
[Black "marcolll9"]
[Result "1-0"]
[WhiteElo "2281"]
[BlackElo "2137"]

1. e4 e6 2. d4 d5 3. Nc3 dxe4 4. Nxe4 Nf6 5. Nxf6+ Qxf6 6. Nf3 h6 7. Bd3 Bd6 8.
O-O O-O 9. Qe2 Nc6 10. Qe4 Rd8 11. Bd2 Nb4 12. Bxb4 Bxb4 13. c3 Bd6 14. Qh7+ Kf8
15. Rfe1 Ke7 16. d5 Bd7 17. Nd4 e5 18. Re2 Rh8 19. Qe4 Kf8 20. Nb5 Bxb5 21. c4
Bd7 22. Rae1 g6 23. Re3 Qf5 24. Qh4 Qf4 25. Qxf4 exf4 26. R3e2 Kg7 27. f3 Bc5+
28. Kf1 Be3 29. g4 h5 30. Rg2 hxg4 31. Be4 gxf3 32. Bxf3 Bh3 33. Re2 Rh4 34. Ke1
Bxg2 35. Rxg2 Rah8 36. b3 Rxh2 37. Kf1 Rh1+ 38. Ke2 1-0

[Event "AUTO-MASTER-2277"]
[Site "http://www.queenalice.com/game.php?id=1352045"]
[Date "2015.4.6"]
[Round "1"]
[White "marcolll9"]
[Black "rubenov"]
[Result "1-0"]
[WhiteElo "2112"]
[BlackElo "1963"]

1. d4 d5 2. Nf3 Nc6 3. Bf4 Nf6 4. e3 a6 5. c4 dxc4 6. Bxc4 e6 7. O-O Be7 8. h3
O-O 9. Nbd2 Nd5 10. Bh2 h6 11. a3 Bd6 12. Rc1 Bxh2+ 13. Nxh2 Nce7 14. Qc2 c6 15.
Ng4 Ng6 16. Bd3 f5 17. Nh2 Nge7 18. Nhf3 Ng6 19. Nc4 Nb6 20. Qb3 Nd5 21. Nfe5
Nxe5 22. Nxe5 Qf6 23. Be2 g5 24. Qd1 Kg7 25. Bf3 Ne7 26. Bh5 a5 27. Rc2 Ra6 28.
Qc1 Kh7 29. Qd2 Rg8 30. Qd3 Nd5 31. Rfc1 Qg7 32. Bg6+ 1-0

[Event "AUTO-MASTER-2277"]
[Site "http://www.queenalice.com/game.php?id=1352046"]
[Date "2015.4.6"]
[Round "1"]
[White "rubenov"]
[Black "marcolll9"]
[Result "0-1"]
[WhiteElo "1936"]
[BlackElo "2095"]

1. d4 e6 2. e4 d5 3. e5 c5 4. c3 Nc6 5. Nf3 Qb6 6. dxc5 Bxc5 7. Qc2 a5 8. Bd3 h6
9. O-O Bd7 10. Nbd2 Nge7 11. Nb3 Rc8 12. Nxc5 Qxc5 13. Be3 d4 14. cxd4 Qxc2 15.
Bxc2 Nxe5 16. Be4 Nxf3+ 17. Bxf3 Bc6 18. Be2 O-O 19. Bd2 b6 20. f3 Rfd8 21. Be3
Bb7 22. Rfd1 Nd5 23. Bc1 Nb4 24. Be3 Nc2 0-1